000 00698nam a2200253 i 4500
001 bg
100 1 _aURBANEK, Adam
245 1 0 _aIlustrowany leksykon teleinformatyka /
_cAdam Urbanek.
260 _aWarszawa :
_b"IDG Poland",
_c2001.
300 _a288 s. :
_bil., err. ;
_c24 cm.
490 1 _aBiblioteka Networld
650 9 _aInformatyka
650 9 _aTelekomunikacja
655 _aEncyklopedie
830 _aBiblioteka Networld
020 _a8390325241
040 _cBPK
041 0 _apl
080 _a621.39:004](03)
920 _a83-903252-4-1
942 _cKS
008 s pl f |000 0 pol
999 _c42202
_d42202
856 _uhttp://koha.tu.koszalin.pl/cgi-bin/koha/opac-detail.pl?biblionumber=42202
_yKatalog online BPK